000 00683nab a2200217 uc4500
001 867581
005 20250312091924.0
008 040324e20021205 spa
035 _a867581
035 _a(OCoLC)820101871
040 _ccomduadb
041 _aspa
100 1 0 _aMisas, Juan Diego
_4aut
_eaut
_9361871
245 1 0 _aHacia un estado comunitario
650 _aEstado comunitario
_9120720
650 _aPolítica de seguridad democrática - Colombia
_9165653
650 7 _aPlanes de desarrollo
_2lemb
_92111
651 7 _aColombia
_2embne
_9870547
773 0 _tEconomía Colombiana (Bogotá)
_gNo. 293, Dic. 2002, p. 84-85
_w103880
_x0120-4998
_088663
942 _cARIMP
999 _c312342
_d312342